Turkey or Turkey? - Statistics

General Stats
  • This quiz has been taken 122 times
  • The average score is 5 of 7
Answer Stats
Question Answer % Correct
Can eat Turkey (Animal)
100%
Can move Turkey (Animal)
100%
Is bigger Turkey (Country)
100%
being Ottoman Empire in WW1 Turkey (Country)
100%
Is Turkey Both
77%
Turkey had turkey chicken Both
31%
An object Both
0%
No matching quizzes found
Score Distribution
Percent of People with Each Score
Percentile by Number Answered
Your Score History
You have not taken this quiz